Tous les joueurs de Premier League valorisés à plus de 40M€ - Statistiques

Statistiques générales
  • Ce quiz a été pris 89 fois
  • Le résultat moyen est 56 sur 81
Statistiques - réponses
Prix Club Joueur Nationalité % Correct
180M Manchester City Erling-Braut Haaland Norvège
100%
150M Manchester City Phil Foden Angleterre
97%
140M Arsenal FC Bukayo Saka Angleterre
95%
130M Manchester City Rodri Espagne
95%
110M Arsenal FC Martin Ødegaard Norvège
93%
80M Arsenal FC William Saliba France
92%
80M Manchester City Rúben Dias Portugal
90%
120M Arsenal FC Declan Rice Angleterre
89%
75M Liverpool FC Luis Díaz Colombie
89%
75M Newcastle United Alexander Isak Suède
88%
80M Chelsea FC Cole Palmer Angleterre
88%
70M Liverpool FC Darwin Núñez Uruguay
88%
75M Manchester City Joško Gvardiol Croatie
88%
70M Manchester United Bruno Fernandes Portugal
86%
75M Chelsea FC Enzo Fernández Argentine
86%
75M Chelsea FC Moisés Caicedo Equateur
85%
75M Liverpool FC Alexis MacAllister Argentine
84%
65M Manchester City Jérémy Doku Belgique
84%
70M Arsenal FC Kai Havertz Allemagne
84%
75M Liverpool FC Dominik Szoboszlai Hongrie
82%
85M Newcastle United Bruno Guimarães Brésil
81%
65M Chelsea FC Christopher Nkunku France
81%
70M Arsenal FC Gabriel Magalhães Brésil
81%
70M Arsenal FC Gabriel Martinelli Brésil
81%
55M Liverpool FC Mohamed Salah Egypte
81%
65M Manchester United Rasmus Højlund Danemark
81%
70M Manchester City Bernardo Silva Portugal
79%
65M Tottenham Hotspur Cristian Romero Argentine
78%
65M Arsenal FC Gabriel Jesus Brésil
78%
65M West Ham United Lucas Paquetá Brésil
77%
70M Liverpool FC Trent Alexander-Arnold Angleterre
77%
50M Manchester City Kevin De Bruyne Belgique
75%
45M Tottenham Hotspur Heung-Min Son Corée du Sud
74%
45M Liverpool FC Ibrahima Konaté France
74%
50M Manchester United Leny Yoro France
74%
45M Manchester City Manuel Akanji Suisse
74%
65M Aston Villa Ollie Watkins Angleterre
74%
55M Arsenal FC Ben White Angleterre
71%
55M Tottenham Hotspur Dejan Kulusevski Suède
71%
60M Manchester United Marcus Rashford Angleterre
71%
55M Liverpool FC Cody Gakpo Pays-Bas
70%
45M Brighton Kaoru Mitoma Japon
70%
55M Tottenham Hotspur Micky Van de Ven Pays-Bas
70%
45M Tottenham Hotspur Pape Matar Sarr Sénégal
68%
45M Arsenal FC Riccardo Calafiori Italie
68%
50M Liverpool FC Diogo Jota Portugal
67%
60M Manchester City Jack Grealish Angleterre
67%
70M Tottenham Hotspur James Maddison Angleterre
67%
65M Manchester United Matthijs De Ligt Pays-Bas
67%
50M West Ham United Mohammed Kudus Ghana
67%
55M Chelsea FC Pedro Neto Portugal
67%
45M Manchester United Alejandro Garnacho Argentine
66%
60M Newcastle United Anthony Gordon Angleterre
66%
50M Manchester City Savinho Brésil
66%
55M Crystal Palace Eberechi Eze Angleterre
64%
50M Manchester United Lisandro Martínez Argentine
64%
42M Aston Villa Leon Bailey Jamaïque
63%
45M Tottenham Hotspur Pedro Porro Espagne
62%
40M Chelsea FC Axel Disasi France
60%
40M Brentford FC Bryan Mbeumo Cameroun
60%
50M Brighton Evan Ferguson Irlande
60%
50M Aston Villa Amadou Onana Belgique
56%
50M Brentford FC Ivan Toney Angleterre
56%
50M Manchester United Joshua Zirkzee Pays-Bas
56%
55M Manchester United Kobbie Mainoo Angleterre
56%
50M West Ham United Jarrod Bowen Angleterre
55%
40M Newcastle United Joelinton Brésil
55%
48M Tottenham Hotspur Brennan Johnson Pays de Galles
53%
45M Brighton João Pedro Brésil
53%
45M Tottenham Hotspur Destiny Udogie Italie
52%
45M Wolverhampton Matheus Cunha Brésil
51%
50M Manchester City Matheus Nunes Portugal
51%
40M Manchester City Nathan Aké Pays-Bas
48%
45M Newcastle United Sven Botman Pays-Bas
48%
45M Aston Villa Pau Torres Espagne
47%
40M Chelsea FC Reece James Angleterre
45%
50M Chelsea FC Levi Colwill Angleterre
40%
40M Nottingham Forest Morgan Gibbs-White Angleterre
40%
40M Aston Villa Ian Maatsen Pays-Bas
25%
42M Everton FC Jarrad Branthwaite Angleterre
23%
40M Tottenham Hotspur Dominic Solanke Angleterre
19%
Aucun quiz correspondant
Distribution des résultats
% des personnes avec chaque résultat
Percentile par nombre de réponses
Votre historique - résultats
Vous n’avez pas pris ce quiz